000
00301nam a2200109Ia 4500
008
200302s9999 xx 000 0 und d
100
_a
Rashmi Bansal and Other
245
_a
What we saw in Dharavi and why it Matters Poor Little Rech Slum
260
_b
Westland Lit.,
260
_c
2012
300
_a
189 P.
999
_c
4062
_d
4062